Fundamentals of vibrations
Đã lưu trong:
| Hovedforfatter: | |
|---|---|
| Format: | Bog |
| Sprog: | Undetermined |
| Udgivet: |
Boston, MA.
McGraw-Hill
2001
|
| Fag: | |
| Tags: |
Tilføj Tag
Ingen Tags, Vær først til at tagge denne postø!
|
| Thư viện lưu trữ: | Trung tâm Học liệu Trường Đại học Cần Thơ |
|---|
| LEADER | 00466nam a2200181Ia 4500 | ||
|---|---|---|---|
| 001 | CTU_54729 | ||
| 008 | 210402s9999 xx 000 0 und d | ||
| 020 | |b 314000 | ||
| 082 | |a 620.3 | ||
| 082 | |b M515 | ||
| 100 | |a Leonard Meirovitch | ||
| 245 | 0 | |a Fundamentals of vibrations | |
| 245 | 0 | |c Leonard Meirovitch | |
| 260 | |a Boston, MA. | ||
| 260 | |b McGraw-Hill | ||
| 260 | |c 2001 | ||
| 650 | |a vibration | ||
| 980 | |a Trung tâm Học liệu Trường Đại học Cần Thơ | ||